| 000 | 00689nmc a2200265 a 4500 | ||
|---|---|---|---|
| 003 | AR-BaBNM | ||
| 005 | 20251128204348.0 | ||
| 008 | 135119s1993 ||||||||||||||000 | spa|| | ||
| 020 | _a950-9732-7-9 | ||
| 040 | _cAR-BaBNM | ||
| 100 | 1 | _aMontes, Graciela | |
| 245 | 1 | 0 | _a¿Cómo se hace justicia? |
| 250 | _a4ª ed. | ||
| 260 |
_aBuenos Aires _bCoquena Grupo Editor _c1993 |
||
| 300 | 0 |
_a16 p. _bil. |
|
| 490 | 0 |
_aEntender y participar _vv. 8 |
|
| 521 | _aPRIMARIO | ||
| 650 | 4 | _aCIENCIAS SOCIALES | |
| 650 | 4 | _aDERECHOS HUMANOS | |
| 650 | 4 | _aENSENANZA DE LAS CIENCIAS SOCIALES | |
| 651 | 4 | _aArgentina | |
| 700 | 1 |
_aKern, Sergio _eilustrador |
|
| 942 | _cBK | ||
| 998 | _cHector | ||
| 999 |
_c7157 _d7157 |
||